00478nam a2200193Ia 4500008004100000020001800041050001400059100001900073245004500092245001900137260001500156260002500171260000900196300001400205300002700219300001000246440002000256500000800276170918s9999 xx 000 0 und d a9780688136052 bD321 1996 adeGroat, Diane aRoses are pink, your feet really stink / cDiane DeGroat. aNew York : bMorrow Junior Books, c1996 aunpaged : bcolored illustration ; c25cm. aMulberry books. a590